000 01597cam a2200133 4500500
005 20251214002045.0
041 _afre
042 _adc
100 1 0 _aVrignon, Alexis
_eauthor
245 0 0 _aFrance grise, France verte : Une histoire environnementale depuis 1945
260 _bArmand Colin,
_c2022.
520 _aL’environnement, ses enjeux et sa gestion sont aujourd’hui au cœur de la politique, nationale et internationale. La problématique de l’écologie et du développement durable est devenue incontournable, mais comment la France a-t-elle géré cette question depuis plus d’un demi-siècle ? Cet ouvrage se propose de revisiter l’histoire récente de la France, de 1945 à nos jours, à la lumière des enjeux environnementaux. Ainsi, la période de croissance économique et d’industrialisation qui a transformé les sociétés industrielles, les « Trente Glorieuses », est analysée sous un jour nouveau pour comprendre les ressorts et les implications de la « grande accélération » dont nous sommes les héritiers et, à bien des égards, les perpétuateurs. Présentant les profondes transformations de l’environnement confronté aux mutations économiques et technologiques, l'auteur explore les politiques appliquées, le rapport de la modernité économique aux défis écologiques, les alternatives explorées et interroge les représentations diverses d’un modèle de développement, voire de société, sans cesse contesté.
856 4 1 _uhttps://shs.cairn.info/france-grise-france-verte--9782200629298?lang=fr&redirect-ssocas=7080
999 _c1566742
_d1566742